The meditative mind : (Record no. 5514)

MARC details
000 -LEADER
fixed length control field 00653nam a22001937a 4500
003 - CONTROL NUMBER IDENTIFIER
control field OSt
005 - DATE AND TIME OF LATEST TRANSACTION
control field 20251106005409.0
008 - FIXED-LENGTH DATA ELEMENTS--GENERAL INFORMATION
fixed length control field 251106b |||||||| |||| 00| 0 eng d
020 ## - INTERNATIONAL STANDARD BOOK NUMBER
International Standard Book Number 0-7229-3427-2
040 ## - CATALOGING SOURCE
Original cataloging agency DWCL-Main lib
Transcribing agency OC
082 ## - DEWEY DECIMAL CLASSIFICATION NUMBER
Classification number Circ. 291.4 G625 1988
100 ## - MAIN ENTRY--PERSONAL NAME
Personal name Goleman, D.
245 ## - TITLE STATEMENT
Title The meditative mind :
Remainder of title the varieties of meditative experience
Statement of responsibility, etc. Goleman, Daniel
260 ## - PUBLICATION, DISTRIBUTION, ETC.
Place of publication, distribution, etc. London :
Name of publisher, distributor, etc. Thorsons,
Date of publication, distribution, etc. c1988
300 ## - PHYSICAL DESCRIPTION
Extent xxiv, 214 pages :
Dimensions 21 cm.
504 ## - BIBLIOGRAPHY, ETC. NOTE
Bibliography, etc. note Includes bibliographical references and index
700 ## - ADDED ENTRY--PERSONAL NAME
Personal name Dass, Ram
942 ## - ADDED ENTRY ELEMENTS (KOHA)
Source of classification or shelving scheme Dewey Decimal Classification
Koha item type Book Circulation
Classification part Circ. 291.4 G625 1988
Call number prefix Circ.
Suppress in OPAC No
952 ## - LOCATION AND ITEM INFORMATION (KOHA)
--
Holdings
Withdrawn status Lost status Source of classification or shelving scheme Damaged status Not for loan Home library Current library Shelving location Date acquired Source of acquisition Total Checkouts Full call number Barcode Date last seen Copy number Price effective from Koha item type Uniform Resource Identifier
    Dewey Decimal Classification     College Library College Library Circulation 12/14/2005 Donation   Circ. 291.4 G625 1988 CL42590 11/06/2025 c1 11/06/2025 BK-CIRC